000 00965nas a2200301 4500
001 BR2010000431
003 BR-BrBNA
005 20231205113838.0
007 ta
008 230509b bl.|||p| |||| 00| 00por d
040 _aBR-BrBNA
_bpor
_cBiblioteca Nacional de Agricultura
041 _a(Pt)
072 _aL10
100 1 _aPeixoto, M.G.C.D.
100 1 _aMartinez, M.L.
100 1 _aTeodoro, R.L.
100 1 _aMachado, M.A.
100 1 _aCarvalho, M.R.S.
100 1 _aGomes, F.C.
100 1 _aVerneque, R.S.
245 1 _aDetecção de QTL em dados de famílias estruturadas com as de um núcleo MOET por meio do método de regressão
650 _aMARCADOR MOLECULAR
650 _aFAMÍLIA
650 _aMODELO MATEMÁTICO
773 0 _tArquivo Brasileiro de Medicina Veterinária e Zootecnia (Brazil)
_xISSN 0102-0935
_g(Aug 2009), v. 61(4) p. 941-948
_wBR2010000431
909 _a202311
_bLúcia
_c55
_dLúcia Elande
942 _2AGRIS
_n0
_cANA
999 _c205923
_d205923